000
00263nam a22001097a 4500
008
170126b xxu||||| |||| 00| 0 eng d
020
_a
9780801666186
041
_a
eng
080
_2
7TH
_a
61
245
_a
LEARNING MEDICAL TERMINOLOGY
_c
AUSTRIN, M.G
942
_2
udc
_c
BK
999
_c
3709
_d
3709